A second year's talks to children. (Record no. 12279)

000 -LEADER
fixed length control field 00572nam a2200181 a 4500
001 - CONTROL NUMBER
control field :::00010081$&:&@@
003 - CONTROL NUMBER IDENTIFIER
control field OkBaRHE
005 - DATE AND TIME OF LATEST TRANSACTION
control field 20000607103356.0
008 - FIXED-LENGTH DATA ELEMENTS--GENERAL INFORMATION
fixed length control field s1943 j 000 0 eng u
040 ## - CATALOGING SOURCE
Transcribing agency
100 1# - MAIN ENTRY--PERSONAL NAME
Personal name Dickie, Edgar Primrose, 1897-
245 12 - TITLE STATEMENT
Title A second year's talks to children.
260 ## - PUBLICATION, DISTRIBUTION, ETC. (IMPRINT)
Place of publication, distribution, etc London, UK:EN., :
Name of publisher, distributor, etc Hodder and Stoughton, Limited
Date of publication, distribution, etc 1943
300 ## - PHYSICAL DESCRIPTION
Extent 183 p. ;
Dimensions 19 cm.
650 ## - SUBJECT ADDED ENTRY--TOPICAL TERM
Topical term or geographic name as entry element Children's Sermons
942 ## - ADDED ENTRY ELEMENTS (KOHA)
Source of classification or shelving scheme
Koha item type Books
Copies
Copy number Source of classification or shelving scheme Koha item type Lost status Full call number Barcode Date last seen Damaged status Price effective from Permanent Location Shelving location Withdrawn status Not for loan Date acquired
1 Books BV 4315 .D489100812010-04-14 2010-04-14RHEMA Bible Training CollegeGeneral Stacks  2010-04-14